Southville International School and Colleges
Your cart is empty.
  • Cart
  • Lists
    Public lists Eva Luna New books Lux_list list_1
    Your lists Log in to create your own lists
  • Log in to your account
  • Your cookies
  • Search history
Southville International School and Colleges
  • Advanced search
  • Recent comments
  • Most popular
  • Libraries

Log in to your account

Log in with GOOGLE


If you do not have an external account, but do have a local account, you can still log in:

  1. Home
  2. MARC view: Hematology :
Normal view MARC view ISBD view

Hematology : (Record no. 294949)

[ view plain ]
MARC details
000 -LEADER
fixed length control field 00624nam a22001937a 4500
003 - CONTROL NUMBER IDENTIFIER
control field OSt
005 - DATE AND TIME OF LATEST TRANSACTION
control field 20160524143752.0
008 - FIXED-LENGTH DATA ELEMENTS--GENERAL INFORMATION
fixed length control field 130806t xxu||||| |||| 00| 0 eng d
020 ## - INTERNATIONAL STANDARD BOOK NUMBER
International Standard Book Number 9780323239066
050 ## - LIBRARY OF CONGRESS CALL NUMBER
Classification number RB 145
Item number .K37 2016
100 ## - MAIN ENTRY--PERSONAL NAME
Personal name Keohane, Elaine M.
245 ## - TITLE STATEMENT
Title Hematology :
Remainder of title clinical principles and applications /
Statement of responsibility, etc Elaine M. Keohane, Larry J. Smith, Jeanine M. Walenga.
250 ## - EDITION STATEMENT
Edition statement 5th edition.
260 ## - PUBLICATION, DISTRIBUTION, ETC. (IMPRINT)
Place of publication, distribution, etc Missouri :
Name of publisher, distributor, etc Elsevier,
Date of publication, distribution, etc 2016.
300 ## - PHYSICAL DESCRIPTION
Extent xiv, 898 pages :
Other physical details color illustrations ;
Dimensions 28 cm.
500 ## - GENERAL NOTE
General note Includes appendix, glossary and index.
942 ## - ADDED ENTRY ELEMENTS (KOHA)
Source of classification or shelving scheme Library of Congress Classification
Koha item type Books
Holdings
Withdrawn status Lost status Source of classification or shelving scheme Damaged status Home library Current library Shelving location Date acquired Source of acquisition Sub Shelving location Total Checkouts Total Renewals Full call number Barcode Date last seen Date checked out Price effective from Koha item type
    Library of Congress Classification   South SEED-LPDH College Library South SEED-LPDH College Library South SEED-LPDH College Section 05/24/2016 Library Fund   3 15 RB 145 .K37 2016 SSLC1450 03/25/2019 01/25/2019 05/24/2016 Books

Hematology :

APA

Keohane E. M., . (2016). Hematology. Missouri: Elsevier.

Chicago

Keohane Elaine M, . 2016. Hematology. Missouri: Elsevier.

Harvard

Keohane E. M., . (2016). Hematology. Missouri: Elsevier.

MLA

Keohane Elaine M, . Hematology. Missouri: Elsevier. 2016.

  • Place hold
  • Print
  • Cite
  • Add to your cart (remove)
  • Save record
    BIBTEX Dublin Core MARCXML MARC (non-Unicode/MARC-8) MARC (Unicode/UTF-8) MARC (Unicode/UTF-8, Standard) MODS (XML) RIS
  • More searches
    Search for this title in:
    Other Libraries (WorldCat) Other Databases (Google Scholar) Online Stores (Bookfinder.com) Open Library (openlibrary.org)

Exporting to Dublin Core...

SOUTHVILLE LIBRARY

Southville International School and Colleges Library

1281 Tropical Ave. Cor. Luxembourg St., BF Homes International, Las Pinas City

Tel. No. 8256374 / 252358 Loc. 117/146

Powered by Koha